PLANIFICACION DEL SOCIALISMO /

TRADUCCION DE: PLANIFICATION, DEBATS ET PROBLEMES DU SOCIALISMES

-д хадгалсан:
Номзүйн дэлгэрэнгүй
Бусад зохиолчид: Tabeev, Fikriat (autor) (autor)
Формат: Ном
Цуврал:LIBROS DE ECONOMIA OIKOS; 14
Нөхцлүүд:
Шошгууд: Шошго нэмэх
Шошго байхгүй, Энэхүү баримтыг шошголох эхний хүн болох!

MARC

LEADER 00000nam^a2200000^a^4500
001 000228453
005 20250521000000.0
009 20260310104326.645
035 |a 048060 
037 |a Acervo Xavier Clavigero 
082 |a 335.  |b PLA 
245 1 0 |a PLANIFICACION DEL SOCIALISMO /  |c FIKRIAT TABEEV ...[ET AL.]; TR. JOSE MA. VIDAL VILLA 
264 |a BARCELONA :  |b OIKOS-TAU,  |c 1968 
300 |a 216p. 
336 |a texto  |b txt  |2 rdacontenido 
337 |a sin mediación  |b n  |2 rdamedio 
338 |a volumen  |b nc  |2 rdasoporte 
440 |a LIBROS DE ECONOMIA OIKOS;  |v 14 
520 |a TRADUCCION DE: PLANIFICATION, DEBATS ET PROBLEMES DU SOCIALISMES 
649 |a XX 
650 |a SOCIALISMO 
650 |a Economía 
700 |a Tabeev, Fikriat  |e (autor) 
910 |a Fondo General 
920 |a Impresos - Libros 
930 |a Colección General 
905 |a 101 
901 |a 048060  |b IT1  |c ACC  |i 048060  |u 20250521 
902 |a https://opac.biblio.iteso.mx/vufind/Record/000228453